| 000 | 00372nam a2200157Ia 4500 | ||
|---|---|---|---|
| 003 | 0STCL | ||
| 008 | 150530s9999 xx 000 0 und d | ||
| 040 |
_aSTCL _cSTCL |
||
| 100 | _aTagore | ||
| 245 | _aSelections from the works of Rabindranath Tagore | ||
| 260 |
_bMacmillan _c1945 |
||
| 546 | _aEnglish | ||
| 942 |
_2ddc _cBK |
||
| 999 |
_c44341 _d44341 |
||
| 005 | 20220125170630.0 | ||